Producción de carbón vegetal en Costa Rica, situación y perspectivas
সংরক্ষণ করুন:
| বিন্যাস: | গ্রন্থ |
|---|---|
| ভাষা: | Spanish |
| প্রকাশিত: |
San José, C.R. : Instituto Centroamericano de Administración Pública
1988
|
| বিষয়গুলি: | |
| ট্যাগগুলো: |
ট্যাগ যুক্ত করুন
কোনো ট্যাগ নেই, প্রথমজন হিসাবে ট্যাগ করুন!
|
MARC
| LEADER | 00000nam a2200000Ia 4500 | ||
|---|---|---|---|
| 003 | 000280 | ||
| 005 | 20221231143844.0 | ||
| 008 | 140116s1988 cr a 000 ||spa d | ||
| 040 | |c cru CEDI | ||
| 082 | |a 333.953.9 P964p | ||
| 245 | |a Producción de carbón vegetal en Costa Rica, situación y perspectivas | ||
| 260 | |c 1988 |a San José, C.R. : Instituto Centroamericano de Administración Pública | ||
| 300 | |c 101 páginas : ilustraciones | ||
| 650 | |x CARBON VEGETAL |x RESIDUOS DE MADERA |9 20510 | ||
| 942 | |2 ddc |c BK | ||
| 999 | |c 13293 |d 13293 | ||
